Selected papers on rice genes
Salvato in:
| Natura: | Libro |
|---|---|
| Lingua: | Undetermined |
| Soggetti: | |
| Tags: |
Aggiungi Tag
Nessun Tag, puoi essere il primo ad aggiungerne! !
|
| Thư viện lưu trữ: | Trung tâm Học liệu Trường Đại học Cần Thơ |
|---|
| LEADER | 00347nam a2200121Ia 4500 | ||
|---|---|---|---|
| 001 | CTU_38659 | ||
| 008 | 210402s9999 xx 000 0 und d | ||
| 082 | |a 633.183 | ||
| 082 | |b S464 | ||
| 245 | 0 | |a Selected papers on rice genes | |
| 650 | |a genetics,rice - genetics | ||
| 904 | |i Liên, 990809 | ||
| 980 | |a Trung tâm Học liệu Trường Đại học Cần Thơ | ||